| 000 | 01063nam a2200277 i 4500 | ||
|---|---|---|---|
| 001 | 31000 | ||
| 003 | ES-MaACL | ||
| 005 | 20230906154306.0 | ||
| 007 | t| | ||
| 008 | 030128s1844 sp ||||1| spa d | ||
| 080 | _a908(9) | ||
| 080 | _a94(7/8) | ||
| 100 | 1 |
_aBelloc, Hippolyte. _9125899 |
|
| 245 | 1 | 0 |
_aHistoria de América desde los tiempos más remotos hasta nuestros días / _cBelloc ; traducida por Juan Cortada. |
| 260 |
_aBarcelona : _b[s.n.], _c1844 ( _fImp.de A. Brusi) |
||
| 300 |
_a2 v. : _bil., mapas ; _c22 cm. |
||
| 490 | 1 |
_aEl Mundo: historia de todos los pueblos ; _v14-15 |
|
| 530 | _aDisponible también en sitio web. | ||
| 651 | 4 |
_aAmérica- _xHistoria. _97703 |
|
| 651 | 4 |
_aOceanía- _xDescripción. _9149954 |
|
| 700 | 1 |
_aCortada, Juan ( _d1805-1868) _9149955 |
|
| 830 | 0 |
_aEl Mundo: historia de todos los pueblos ; _v14-15 _9182426 |
|
| 852 |
_aES-MaACL _jD-4100-1 |
||
| 856 |
_uhttp://bibliotecadigitalhispanica.bne.es:80/webclient/DeliveryManager?pid=2139061&custom_att_2=simple_viewer _zIr a la página |
||
| 999 |
_c31000 _d31000 |
||